000 01180cam a22003131i 4500
001 18456959
003 EG-ScBUE
005 20250526095915.0
008 150113t2015 flua f 001 0 eng d
020 _a9781466515871 (pbk. : alk. paper)
040 _aEG-ScBUE
_beng
_erda
_cEG-ScBUE
_dEG-ScBUE
082 0 4 _a530.15
_222
_bFIS
100 1 _aFischer-Cripps, Anthony C.,
_938134
_eauthor.
245 1 4 _aThe mathematics companion :
_bmathematical methods for physicists and engineers /
_cAnthony C. Fischer-Cripps, Fischer-Cripps Laboratories Pty, Ltd, Sydney, Australia.
250 _aSecond edition.
264 1 _aBoca Raton :
_bCRC Press / Taylor & Francis Group,
_c[2015]
264 4 _cc2015
300 _axv, 286 pages :
_billustrations ;
_c23 cm
336 _2rdacontent
_atext
_btxt
337 _2rdamedia
_aunmediated
_bn
338 _2rdacarrier
_avolume
_bnc
500 _aIncludes index.
500 _aIncludes appendix.
505 0 _aMathematics essentials -- Ordinary differential equation -- Capacitance.
650 7 _aMathematical physics.
_2BUEsh
_96575
650 7 _aEngineering mathematics.
_2BUEsh
_912965
655 _vReading book
942 _2ddc
_cBB
999 _c19508
_d19480